[Event "Horgen CS"]
[Site "Horgen"]
[Date "1994.??.??"]
[Round "8"]
[White "Shirov, Alexei"]
[Black "Benjamin, Joel"]
[Result "1-0"]
[WhiteElo "2740"]
[BlackElo "2610"]
[Annotator "Hansen,Cu"]
[PlyCount "65"]
[EventDate "1994.09.??"]
[EventType "tourn"]
[EventRounds "11"]
[EventCountry "SUI"]
[EventCategory "16"]
[SourceTitle "CBM 043"]
[Source "ChessBase"]
[SourceDate "1994.12.01"]
[SourceVersion "1"]
[SourceVersionDate "1994.12.01"]
[SourceQuality "1"]

1. e4 {Ernst Boensch Ftacnik} c5 2. Nf3 e6 3. d4 cxd4 4. Nxd4 Nc6 5. Nc3 a6 6.
Be2 Qc7 7. Be3 Nf6 8. O-O Be7 9. f4 d6 10. Qe1 O-O 11. Qg3 Nxd4 12. Bxd4 b5 13.
a3 Bb7 14. Kh1 Bc6 15. Rae1 Qb7 (15... Rae8 {Boensch} 16. e5 (16. Qh3 e5 $1 17.
Be3 Qd7 18. Qxd7 Bxd7 $10 {Polgar,J-Portisch,L Monaco Veterans-Women (11) 1994
1/2 52}) 16... dxe5 17. Bxe5 Qd7 18. Bd3 g6 19. Qh3 Nh5 20. Ne4 f6 21. Bc3 Bd5
$10 {Shirov,A-Portisch,L Biel izt (07) 1993 1/2 34}) 16. Bd3 b4 17. Nd1 (17.
axb4 Qxb4 18. Ne2 Qb7 19. e5 (19. Nc3 Qb4 {1/2-1/2 Adorjan,A-Sigurjonsson,G/
London/ 1975 ; 1/2-1/2 Tringov,G-Polugaevsky,L/ Plovdiv EU-chT/ 1983} 20. Ne2 {
1/2-1/2 Sax,Gy-Farago,I/ Amsterdam/ 1976 ; 1/2-1/2 Sax,G - Ribli,Z/
Clermont-Ferrand/ 1989 ; 1/2-1/2 Arakhamia,K - Maric,A/ Jakarta izt/ 1993} g6 (
20... Qb7 21. Nc3 {Spasov,V-Stohl,I/Budapest zt/1993/}) 21. e5 Nh5 22. Qh3 dxe5
23. Bxe5 Bf6 24. Bc3 Bxc3 25. bxc3 Qc5 26. Nd4 $13 {Rosito,J-Clement,J/Mar del
Plata/1990/}) 19... Nh5 (19... dxe5 20. Bxe5 Be4 21. Bxe4 Qxe4 22. Nd4 Qg6 23.
f5 $16 {Pritchett,C-Sigurjonsson,G/London/1975 ; Kudrin,S - Fedorowicz,J/
USA-ch/ 1988}) 20. Qh3 g6 21. Ng3 (21. Bc3 dxe5 22. Bxe5 f6 23. Bc3 Ng7 24. Nd4
Bd5 25. Nxe6 $16 {Balinov,I-Kirov,N/Bulgaria/1990/}) 21... dxe5 (21... Nxg3+
22. hxg3 Rfd8 (22... dxe5 23. Bxe5 Rac8 (23... f5 24. g4 Rad8 25. gxf5 (25. Kh2
Bb4 26. Re3 Bc5 27. Rg3 $16 {Collinson,A-Rossiter,PJ/BCF-ch/1992/}) 25... exf5
26. Re3 $14 {Vogt,L-Rodriguez,Am/Berlin/1979/}) (23... Bb5 24. c4 Bc6 25. g4
Rad8 26. Re2 f6 27. Bc3 e5 28. fxe5 fxe5 29. Rxf8+ Bxf8 30. Rxe5 Bg7 31. Re3
Bxc3 32. bxc3 Rxd3 33. Rxd3 Bxg2+ 34. Qxg2 Qb1+ 35. Kh2 {1/2-1/2 Shirov,
A-Ivanchuk,V/Linares/1993/}) 24. Re2 (24. Kh2 Bb5 25. Rh1 f5 $15 {Arakhamia,
K-Novikov,I/Helsinki op/1992/}) 24... Bb5 25. g4 Bxd3 26. Qxd3 Rfd8 27. Qf3
Qxf3 28. Rxf3 f6 29. Bc3 Rc6 30. g3 Kf7 31. Kg2 Rd5 32. Rfe3 $14 {Ermenkov,
E-Kalesis,N/Aegina/1993/}) 23. g4 dxe5 24. Bxe5 Bb5 $10 {Jansa,V-Ribli,Z/
Reykjavik zt/1975/}) 22. Bxe5 Ng7 (22... Nxg3+ {Boensch} 23. hxg3 Bb5 $1 24. c4
Bc6 25. g4 Rad8 26. Re2 f6 27. Bc3 e5 $10 {Shirov,A-Ivanchuk,V Linares (09)/
1993/ 1/2-1/2/ 34}) 23. f5 (23. Bc3 f6 24. Bc4 (24. Ne4 Bd5 (24... Rad8 25. Re2
Bb5 26. Bxb5 axb5 $10 {Varley,P-Collinson,A/BCF-ch/1989/}) 25. Re2 $13 {
Ermenkov,E-Estevez,G/ Kecskemet/ 1977}) 24... Bd5 25. Bxd5 Qxd5 $10 {Sax,
Gy-Jansa,V/Budapest/1976/}) 23... exf5 (23... Nxf5 24. Bxf5 exf5 25. Nxf5 Bg5
26. Nd6 $16 {Shishmarev-Samarin,I/corr/1987/}) 24. Bxg7 Kxg7 25. Nxf5+ gxf5 26.
Qxf5 Bxg2+ 27. Kg1 Bc5+ 28. Qxc5 Bxf1 29. Qg5+ Kh8 30. Qf6+ Kg8 31. Rxf1 (31.
Be4 {Ernst} Rae8 32. Bxb7 Rxe1 33. Qg5+ Kh8 34. Kf2 Rfe8 35. Qf6+ Kg8 36. Bd5
R8e7 $10) 31... Rab8 {Ermenkov,E-Adamski,J/Lublin/1977/}) (17. Nb1 $5 {Boensch}
g6 18. Nd2 Nh5 19. Qh3 Bb5 20. f5 e5 21. Be3 Kg7 22. Nf3 Nf4 23. Bxf4 exf4 24.
axb4 $16 {Bologan,V-Savchenko,S Nikiolaev zt 1993 0-1 55}) 17... g6 (17... bxa3
18. bxa3 Nh5 19. Qg4 Nf6 20. Bxf6 Bxf6 21. e5 dxe5 22. fxe5 Be7 23. Qh3 h6 24.
Rf4 {Ftacnik} Rad8 25. Rg4 Bc5 26. Nc3 f5 (26... Rd4 {Ernst} 27. Ne4 $14) 27.
exf6 Rxf6 28. Ne4 Bxe4 29. Rgxe4 $16 {Mednis,E-Jansa,V/Budapest Tungsram/1978/
1-0 (35)}) (17... Nh5 {Boensch} 18. Qh3 Nxf4 19. Rxf4 e5 20. Ne3 exf4 21. Nf5
f6 $13) 18. Nf2 (18. axb4 $2 {Boensch} Nxe4 $17) 18... bxa3 19. bxa3 Nh5 $6 (
19... d5 20. e5 Ne4 21. Bxe4 dxe4 22. Ng4 Rfd8 23. Nh6+ $16 {Sznapik,A-Smejkal,
J/Sandomierz/1976/}) (19... Rfe8 $142 20. Bxf6 Bxf6 21. e5 dxe5 22. fxe5 Bg7
23. Ne4 Qc7 24. Qh4 Bxe4 25. Qxe4 a5 26. Rf3 Rab8 27. Rh3 $2 Bxe5 $1 $17 {
Cela,A-Kalesis,N/Zouberi zt/1993/0-1 (77)}) 20. Qe3 Nxf4 $2 21. Qxf4 e5 22. Ng4
$1 (22. Bxe5 dxe5 23. Qxe5 $13) 22... f6 (22... exd4 23. Nh6+ (23. Nf6+ {Ernst}
Bxf6 24. Qxf6 Qd7 25. Rf3 $16) 23... Kg7 24. Nxf7 {/\25.Qh6+ Kg8 26.Bc4 +-} Bg5
{Boensch} 25. Qxg5 Rxf7 26. e5 $1 $16) (22... exf4 {Ftacnik} 23. Nh6#) 23. Bc4+
Kh8 (23... d5 {Ftacnik} 24. exd5 (24. Bxe5 {Ernst} dxc4 25. Bxf6 Bxf6 26. Nxf6+
Kh8 $16) 24... Bxd5 25. Nxe5 (25. Qe4 {Boensch} Rad8 26. Ne3 $18) 25... fxe5
26. Qxe5 $18) 24. Nxe5 dxe5 25. Qxe5 $18 {/\Rxf6} Kg7 (25... fxe5 {Ftacnik} 26.
Bxe5+ Bf6 27. Rxf6 Qg7 (27... Kg7 {Boensch} 28. Rf7+ Kh6 29. Bg7+ Kg5 30. Rxb7
Bxb7 31. Bxf8 Rxf8 $18) 28. Rxf8+ Rxf8 29. Bxg7+ Kxg7 30. Kg1 $16) (25... Rad8
{Ernst} 26. Rxf6 Rxf6 27. Qxf6+ Bxf6 28. Bxf6+ Qg7 29. Bxg7+ Kxg7 30. Bd3 $18)
26. Qf4 Rad8 27. c3 h6 28. Rb1 (28. e5 $2 {Ftacnik} Bxg2+ 29. Kg1 Bxf1 30. Rxf1
f5) 28... Qa8 29. Rb6 Rxd4 (29... Bxe4 30. Qc7 $1 (30. Re1 Bxg2+ 31. Kg1 Rde8
32. Rxe7+ Rxe7 33. Rxf6 $18) 30... Bxg2+ 31. Kg1 Rde8 (31... Rxd4 {Ftacnik} 32.
Qxe7+ Kh8 33. Rbxf6 $18) (31... Bxf1 32. Qxe7+ Kh8 33. Bxf6+ Rxf6 34. Qxf6+)
32. Rbxf6 $18) 30. cxd4 Bxe4 31. Re1 f5 $2 (31... Bxg2+ 32. Kg1 Bd8 33. Rb8 {
Ftacnik} (33. Rxa6 $16) 33... Qc6 (33... Qf3 34. Rxd8 $1 Rxd8 35. Qc7+ $18) 34.
Rxd8 Rxd8 35. Re7+ Kf8 36. Rf7+ (36. Re6 {Ernst} Qxc4 37. Qxf6+ $18) 36... Ke8
(36... Kg8 {Boensch} 37. Qxh6 $18) 37. Qxh6 $18) 32. Qe5+ Bf6 33. Rxf6 1-0

[Event "RUS-ch"]
[Site "Elista"]
[Date "1994.??.??"]
[Round "3"]
[White "Orlov, Vassily"]
[Black "Poluljahov, Aleksandr"]
[Result "1-0"]
[WhiteElo "2350"]
[BlackElo "2485"]
[Annotator "Hansen,Cu"]
[PlyCount "99"]
[EventDate "1994.09.??"]
[EventType "swiss"]
[EventRounds "11"]
[EventCountry "RUS"]
[SourceTitle "CBM 044"]
[Source "ChessBase"]
[SourceDate "1995.02.01"]
[SourceVersion "1"]
[SourceVersionDate "1995.02.01"]
[SourceQuality "1"]

1. e4 c5 2. Nf3 Nc6 3. d4 cxd4 4. Nxd4 Qc7 (4... Nf6 5. Nc3 d6 6. Bg5 e6 7. Be2
Be7 8. O-O O-O 9. Be3 a6 10. f4 Qc7 11. Qe1 Nxd4 12. Bxd4 b5 13. a3 Bb7 14. Qg3
Rae8 15. Kh1 Bd8 16. e5 dxe5 17. Bxe5 Qc8 18. Rad1 g6 19. Bf3 {Nikolic,
St-Damljanovic,B/Cacak (06) 1991/1/2-1/2 (70)}) 5. Nc3 e6 6. Be2 a6 7. O-O (7.
Be3 Nf6 8. a3 $6 Be7 9. f4 d6 10. O-O O-O 11. Qe1 Nxd4 12. Bxd4 e5 $2 13. fxe5
dxe5 14. Qg3 Bc5 15. Bxc5 Qxc5+ 16. Kh1 {/\Rxf6}) 7... Nf6 8. Be3 Be7 9. f4 d6
10. Qe1 O-O 11. Qg3 Nxd4 12. Bxd4 b5 13. a3 Bb7 14. Rae1 (14. Rf2 Rfd8 15. Bd3
Rac8 16. Kh1 h5 17. Raf1 Rd7 18. Qg5 h4 19. Rf3 Ne8 20. Qh5 Nf6 21. Qxh4 Nxe4
22. Qh5 Nf6 23. Bxf6 Bxf6 24. Rg3 Qd8 25. Ne2 Rdc7 26. c3 Bd5 27. Rh3 g6 28.
Qg4 Bc4 {Aarseth,S-Thiele,E/corr-6 WCH 1968/0-1 (45)}) (14. Bd3 e5 (14... g6
15. f5 Rae8 16. Qh3 gxf5 17. Qh6 e5 18. Rxf5 Ng4 19. Qh3 exd4 20. Nd5 Qd7 21.
e5 Kh8 22. Rh5 f5 23. e6 {1-0 Balashov,Y-Andersson,U/Wijk aan Zee 15/433 1973})
15. fxe5 Nh5 16. Qe3 dxe5 17. Bb6 Qd6 18. Kh1 Nf4 19. Rfd1 Qg6 20. Bf1 Bg5 21.
Qc5 Rfe8 22. Re1 Re6 23. Ba5 Bh4 24. Nd5 Rc8 25. Qa7 Bxd5 26. Qd7 Rf8 27. exd5
Rd6 28. Qb7 Bxe1 29. Rxe1 Nxd5 30. c4 bxc4 31. Bxc4 Nf4 32. Bb4 Rd7 33. Qf3 Nd3
34. Bxf8 Nxe1 35. Qa8 Rd8 {0-1 Garcia Martinez,S-Andersson,U/Camaguey 17/407
1974}) (14. Bf3 Rad8 15. Kh1 Bc6 16. Rae1 Ne8 17. Nd1 Bf6 18. Be3 e5 19. c3 Qe7
20. Nf2 Bh4 21. Qh3 Bxf2 22. Rxf2 Nc7 23. Qg3 f6 24. Rd2 Rfe8 25. Bb6 Rd7 26.
f5 Rb8 27. Qf2 Ne8 28. Red1 Qf7 {Dvoirys,S-Gavrikov,V/URS-ch53 Kiev 1986/0-1 
(50)}) 14... d5 (14... Rfd8 15. Bd3 Ne8 16. Qf2 Rd7 17. Re3 Bf6 18. Bxf6 Nxf6
19. Qh4 Qc5 20. Rff3 e5 21. fxe5 dxe5 22. Kh1 Re8 23. Rg3 Re6 24. Rh3 h6 25.
Ne2 Nh7 26. Qe1 Ng5 27. Rhg3 Rf6 28. b4 Qc7 29. Rg4 {Opl,K-Pogats,J/France 19/
440 1975/0-1 (65)}) (14... Bc6 15. Bd3 $6 (15. Kh1) (15. Bf3 Rad8 16. e5 dxe5
17. Bxe5 Qb6+ 18. Kh1 Bxf3 19. Rxf3 g6 20. Qh4 {+- Dvoirys,S-Polugaevsky,L/
Sochi 32/(323) 1981}) (15. e5 dxe5 16. Bxe5 Qa7+ 17. Kh1 g6 18. Bd3 Nh5 19. Qh3
Ng7 20. Ne2 Rad8 21. Ng3 f6 22. Bc3 Bc5 23. Rxe6 Bd7 24. f5 Bxe6 25. fxe6 Be7
26. Ne4 f5 27. Ng3 Bf6 28. Re1 Bxc3 29. bxc3 Qe7 {Morris,P-Murugan,K/London
open 1989/0-1 (39)}) 15... e5 (15... Rae8 16. Qh3 e5 17. Be3 Qd7 18. Qxd7 Bxd7
19. h3 Bc6 20. g4 Bd8 21. Kh2 exf4 22. Bxf4 Bc7 23. Bg3 Re6 24. Rf5 Bd8 25. Nd5
Bxd5 26. exd5 Rxe1 27. Bxe1 g6 28. Rf3 Nxd5 29. c4 bxc4 30. Bxc4 {Polgar,
J-Portisch,L/Monaco 1994/1/2-1/2 (53)}) 16. fxe5 (16. Be3 exf4 17. Bxf4 Nh5 18.
Qh3 Nxf4 19. Rxf4 g6 20. Nd5 Bxd5 21. exd5 Qc5+ 22. Kh1 Bg5 23. Rff1 Ra7 24.
Qg4 Bh6 25. c4 b4 26. Rf3 Bg7 27. axb4 Qxb4 28. Rb1 Re7 29. b3 a5 30. Rbf1 Qxb3
{Grosar,A-Polgar,Zso/Portoroz\Nova Gorica (1) 60' 1991/0-1 (49)}) 16... Nh5 17.
Qh3 dxe5 18. Qxh5 $5 (18. Be3 g6 $17 (18... Nf4 $2 19. Bxf4 exf4 20. Qf5 $16)
19. g4 $2 Nf4 $17 20. Qh6 $2 Bg5 $1 21. Bxf4 Bxh6 22. Bxh6 Rfe8 23. Rf3 Qe7 24.
Ref1 Qh4 25. g5 Qg4+ 26. Kh1 Ra7 27. h3 Qc8 28. Kh2 Qa8 29. Rf6 {Paoli,
E-Andersson,U/Dortmund (15) 1973/0-1 (40)}) 18... exd4 19. Ne2 (19. Nd5 Bxd5
20. exd5 g6 $14) 19... g6 20. Qh6 Qe5 21. Qf4 Bd6 22. Qh6 Be7 23. Qf4 Bd6 24.
Qh6 Rae8 25. Nf4 Qg7 26. Qh3 Re5 27. Re2 Rfe8 28. Rfe1 Rg5 29. Qh4 Bxf4 30.
Qxf4 Qe5 31. Rf1 Qxf4 32. Rxf4 Rge5 33. Ref2 Bxe4 34. Bxe4 Rxe4 35. Rxf7 Re1+
36. Rf1 Rxf1+ 37. Rxf1 Re2 38. Rf2 Re1+ 39. Rf1 {1/2-1/2 Klundt,K-Mueller,M/BL
1994}) 15. e5 (15. exd5 Bc5 16. Bxc5 Qxc5+ 17. Qf2 $10 {= Aronson-Mascarinas/
1980}) 15... Bc5 (15... Ne4 16. Qe3 f5 17. exf6 Bxf6 18. Bg4 Qf7 19. Bxf6 gxf6
20. Nxe4 dxe4 21. f5 e5 22. Rd1 Qc7 23. c3 Rad8 24. Be2 Kh8 25. g4 Qc6 26. Kf2
Qc7 27. Rxd8 Rxd8 28. Rd1 Rg8 29. h4 Bc8 30. Rd5 {Kotronias,V-Kalesis,N/
Zouberi-Z(1) 1993/1-0 (41)}) 16. Rd1 (16. Qe3 Nd7 $132) 16... Nd7 17. Qf2 Rac8
{ץb7, /\f7-f6} 18. Bd3 {/\Ne2, ><d4} f6 19. exf6 gxf6 (19... Rxf6 {/\e6-e5}
20. Bxc5 Nxc5 21. Qd4 $14 {ץb7}) 20. Ne2 (20. Kh1 e5 $2 (20... Bxd4 21. Qxd4
Qc5 22. Ne2 $14) 21. fxe5 (21. Qg3+ Kh8 22. Qh4 e4 23. Be2 $13) 21... Bxd4 (
21... fxe5 22. Qg3+ Kh8 23. Qh4 $18) 22. Bxh7+ Kxh7 23. Qh4+ Kg7 24. Qg4+ Kh8 (
24... Kf7 25. e6+ Ke7 26. exd7 $18) 25. Rd3 Rf7 26. Rh3+ Rh7 27. Rxh7+ Kxh7 28.
Rf3 $18) 20... Qb6 (20... e5 $5 21. fxe5 fxe5 22. Qg3+ Kh8 23. Qh4 Bxd4+ 24.
Nxd4 Nc5 $13) 21. c3 $14 {עg8} Kh8 (21... e5 $2 22. fxe5 fxe5 23. Qg3+ Kh8 24.
Qh3 $16) 22. Kh1 Rf7 (22... e5 23. fxe5 fxe5 24. Qh4 $18) 23. Qh4 Bxd4 24. cxd4
{ץb7,קe6} b4 {/\a6-a5,Bb7-a6} 25. Rf3 bxa3 26. bxa3 f5 $5 (26... Rg8 27. Rh3
Rgg7) 27. Rb1 Qc7 28. Re3 Re8 29. Ng1 $1 {/\Nf3,><e5} Nf6 30. Nf3 Ne4 $13 31.
Ne5 Rg7 32. Bxe4 $6 (32. Qe1 $14) 32... dxe4 33. Qf6 Qe7 $1 $15 (33... Bd5 34.
Rg3 Reg8 35. Ng6+ $1 hxg6 36. Rh3#) 34. Qxe7 Rgxe7 35. Reb3 Bd5 36. Rb6 Rc8 {
/\Rc2,e4-e3,/^a8-h1} 37. Rb8 Rxb8 (37... Rec7 38. Kg1 Kg7 39. Rxc8 Rxc8 $15)
38. Rxb8+ Kg7 39. Kg1 Rc7 40. Rb2 a5 (40... Rc3 $15 {/\Rxa3//\e4-e3}) 41. a4 e3
$6 (41... Rc1+ 42. Kf2 Ra1 43. Rc2 Rxa4 44. Rc7+ Kg8 45. Nd7 $132) 42. Kf1 Rc3
43. Ke2 Ra3 (43... Bxg2 44. Rb5 $14) 44. Rc2 Bxg2 45. Rc7+ Kh6 (45... Kg8 46.
Nd7 $10) 46. Nf7+ Kh5 47. Ne5 Kh6 48. Nf7+ Kh5 49. Ne5 Bh3 $4 (49... Kh6 $10) (
49... Bh3 $4) 50. Rxh7# 1-0

[Event "Maroczy Memorial"]
[Site "Szeged"]
[Date "1997.11.17"]
[Round "4"]
[White "Zhang, Zhong"]
[Black "Ribli, Zoltan"]
[Result "1-0"]
[WhiteElo "2475"]
[BlackElo "2570"]
[Annotator "Hansen,Cu"]
[PlyCount "89"]
[EventDate "1997.11.14"]
[EventType "tourn"]
[EventRounds "9"]
[EventCountry "HUN"]
[EventCategory "13"]
[SourceTitle "CBM 062"]
[Source "ChessBase"]
[SourceDate "1998.01.31"]
[SourceVersion "1"]
[SourceVersionDate "1998.01.31"]
[SourceQuality "1"]

1. e4 c5 2. Nf3 d6 3. d4 cxd4 4. Nxd4 Nf6 5. Nc3 a6 6. Be2 e6 7. O-O Qc7 8. a4
Nc6 9. Be3 Be7 10. f4 O-O 11. Kh1 Re8 12. Bf3 Bd7 (12... Rb8 $5 {Is the move
preferred by Kasparov. However in that case black must be ready for:} 13. g4 $5
) 13. Nb3 b6 14. g4 Bc8 15. g5 Nd7 16. Bg2 Na5 $6 (16... g6 17. Rf3 Bf8 18. Rh3
Bg7 19. Qd2 Bb7 20. Rd1 Rad8 21. Qxd6 Qc8 22. Qd2 $16 {Barcenilla,R-Ftacnik,L/
Bacolod (09) 1991 (50)}) (16... Bb7 $142) 17. Nd4 Bb7 (17... Nc4 $5) 18. Qh5 g6
19. Qh3 Bf8 20. Rad1 Nc4 {Why does black only play this move when white is
ready for Be3-c1? If black had played this move earlier then after Be3-c1 the
R on al would have been out of play.} 21. Bc1 Bg7 22. f5 $1 Nf8 (22... exf5 23.
exf5 $16 {[%csl Rd5] Whites control over d5 makes blacks position very
difficult}) 23. f6 $1 $18 Bh8 24. b3 Ne5 25. Ba3 {White changes his plan. He
is more or less a piece up - Bh8 is burried alive. Zhang Chong now starts to
play on the queenside.} Red8 26. Rd2 Rac8 27. Nde2 Rd7 28. Rfd1 Rcd8 29. Qg3
Qb8 30. Ng1 $1 {Blacks only wellplaced piece is Ne5. So it is exchanged.} Ba8
31. Nf3 h6 32. h4 h5 33. Nxe5 dxe5 34. Rxd7 Rxd7 35. Bxf8 {Simpe1 and strong.
The more pieces white can exchange the easier it is for him to win with his
"exctrapiece".} Rxd1+ 36. Nxd1 Kxf8 37. Nb2 Kg8 38. Nd3 Qc8 39. Qxe5 Kh7 40. c4
Qd7 41. Qc3 Bc6 42. Kg1 Qd6 43. e5 Qd7 44. Bxc6 Qxc6 45. Nf2 1-0

[Event "Helsingor Jubilee"]
[Site "Helsingor"]
[Date "1999.10.21"]
[Round "3"]
[White "Hansen, Sune Berg"]
[Black "Hansen, Curt"]
[Result "0-1"]
[WhiteElo "2558"]
[BlackElo "2607"]
[Annotator "Hansen,SB"]
[PlyCount "82"]
[EventDate "1999.10.19"]
[EventType "tourn"]
[EventRounds "6"]
[EventCountry "DEN"]
[EventCategory "13"]
[SourceTitle "CBM 074"]
[Source "ChessBase"]
[SourceDate "2000.02.01"]
[SourceVersion "1"]
[SourceVersionDate "2000.02.01"]
[SourceQuality "1"]

{[%mdl 2052]} 1. e4 c5 2. Nf3 e6 3. d4 cxd4 4. Nxd4 Nc6 5. Nc3 Qc7 6. Be2 a6 7.
O-O Nf6 8. Kh1 Be7 9. f4 d6 10. a4 O-O 11. Be3 Nxd4 12. Qxd4 Bd7 13. e5 Ne8 14.
Bf2 Bc6 15. Qe3 $6 (15. Bd3 g6 $140 16. Ne4) 15... g6 16. Bd3 Ng7 17. a5 dxe5
$1 $146 18. fxe5 Rad8 19. Qe2 Rd7 20. Bb6 Qb8 21. Rae1 Nf5 $13 22. Qg4 $6 (22.
Bxf5 exf5 23. e6 fxe6 24. Qxe6+ Rf7 $11) 22... Bd8 $1 $132 23. Be4 (23. Bxf5
exf5 24. Rxf5 Bxb6 25. axb6 Rd2 $17) 23... Bxb6 24. axb6 Bxe4 25. Qxe4 Rd4 $15
26. Qf3 h5 $1 27. Re4 Rfd8 28. Qf4 Qc8 29. Qg5 R8d7 $1 30. Re2 Qd8 $17 31.
Qxd8+ Rxd8 32. Ne4 Rb4 33. c3 Rxb6 34. g3 Rd3 35. Kg1 Kg7 36. Kf2 Rb5 37. Nf6
a5 38. Ra1 b6 39. Ra4 Ne3 $3 40. Rd4 Rxd4 41. cxd4 Nc4 {An excellent
perfomance by Curt Hansen it's very difficult to see where white vent wrong.}
0-1

[Event "FIDE-Wch k.o."]
[Site "Groningen"]
[Date "1997.12.10"]
[Round "1.9"]
[White "Christiansen, Larry Mark"]
[Black "Andersson, Ulf"]
[Result "0-1"]
[WhiteElo "2550"]
[BlackElo "2640"]
[Annotator "Hecht,H"]
[PlyCount "92"]
[EventDate "1997.12.09"]
[EventType "k.o."]
[EventRounds "7"]
[EventCountry "NED"]
[SourceTitle "CBM 063"]
[Source "ChessBase"]
[SourceDate "1998.03.26"]
[SourceVersion "1"]
[SourceVersionDate "1998.03.26"]
[SourceQuality "1"]

1. e4 c5 2. Nf3 e6 3. d4 cxd4 4. Nxd4 Nc6 5. Nc3 a6 6. Be2 d6 7. O-O Nf6 8. Be3
Be7 9. f4 O-O 10. a4 Qc7 11. Kh1 Nxd4 12. Qxd4 e5 13. Qd2 exf4 14. Rxf4 Be6 15.
a5 Rac8 16. Bb6 Qb8 17. Rf2 Rxc3 18. Qxc3 Nxe4 19. Qe3 Nxf2+ 20. Qxf2 Bf6 21.
c3 Be5 22. Bf3 Bd7 23. h3 Bc6 24. Bxc6 bxc6 25. Rf1 Qb7 26. Qe2 h6 27. Qd3 Re8
28. b3 Re6 29. c4 c5 30. Qd5 Qxd5 31. cxd5 Rf6 32. Rxf6 Bxf6 33. Kg1 Kf8 34.
Kf2 Ke8 35. Ke2 Bd8 36. Bxd8 Kxd8 37. Ke3 {[#] Trotz Mehrbauer kleines
technisches Problem für Schwarz wegen der blockierten Position am Damenflügel.
Schwarz operiert am besten mit dem König v o r seinen Bauern am Königsflügel.}
Ke7 38. Ke4 Kf6 (38... g6 $2 39. g4 Kf6 40. h4 h5 41. g5+ Ke7 42. Kf4 f6 43.
Ke3 $11) 39. h4 h5 (39... g5 40. h5 g4 41. Kf4 g3 $19) 40. Kf4 g6 41. Ke4 g5
42. g3 Kg6 $1 {[%csl Yf4]} (42... gxh4 $2 43. gxh4 Kg6 44. Kf4 f5 45. Ke3 Kf7
46. Kf3 $11) 43. Ke3 gxh4 44. gxh4 Kf5 45. Kf3 Ke5 46. Ke3 f5 0-1

[Event "Ptuj zt"]
[Site "Ptuj"]
[Date "1995.??.??"]
[Round "11"]
[White "Lutz, Christopher"]
[Black "Gostisa, Leon F"]
[Result "1/2-1/2"]
[WhiteElo "2560"]
[BlackElo "2420"]
[Annotator "Hecht,H"]
[PlyCount "100"]
[EventDate "1995.04.??"]
[EventType "tourn"]
[EventRounds "15"]
[EventCountry "SLO"]
[EventCategory "10"]
[SourceTitle "CBM 047"]
[Source "ChessBase"]
[SourceDate "1995.08.01"]
[SourceVersion "1"]
[SourceVersionDate "1995.08.01"]
[SourceQuality "1"]

1. e4 c5 2. Nf3 e6 3. d4 cxd4 4. Nxd4 Nc6 5. Nc3 Qc7 6. Be2 a6 7. O-O Nf6 8.
Be3 Be7 9. f4 d6 10. Qe1 O-O 11. Qg3 Kh8 12. Kh1 Bd7 13. a3 b5 14. Bd3 Nh5 15.
Qf3 Nf6 16. Rae1 Rab8 17. Nxc6 Qxc6 18. Qg3 b4 19. axb4 Rxb4 20. Bd2 Rxb2 21.
e5 Nh5 22. Qh3 g6 23. Ne4 d5 24. Ng5 Rxc2 25. Bxc2 Qxc2 26. g4 Bxg5 27. fxg5
Qxd2 28. gxh5 Kg8 29. Qg3 Bb5 30. Rf4 Rc8 31. h6 d4 32. Qf2 Qxf2 33. Rxf2 d3 {
RR<->RB Motive: 2 s Frei-B für Qualität, weiße Freibauern nach s K-Aktivierung,
Remis durch Dauerschach, Taktik} 34. Kg2 Rc3 35. Rd2 Kf8 36. Kf3 Ke7 37. Kf4
Rc4+ 38. Re4 Rc1 39. Ke3 Kd7 40. Rd4+ Kc6 41. Rf4 Kd5 42. Rxf7 Re1+ 43. Kf2
Rxe5 44. h4 Kd4 45. Rxh7 Rf5+ 46. Kg3 Ke3 47. Rb2 d2 48. Rxd2 Kxd2 49. Rg7 Ke3
(49... Rf8 50. h7 Rh8 51. h5 gxh5 52. g6 Bd3 53. Rd7 a5 54. g7 Rxh7 55. Rxd3+
Kxd3 56. g8=Q $18) 50. h7 Rf3+ 1/2-1/2

[Event "Ubeda op 5th"]
[Site "Ubeda"]
[Date "2000.01.21"]
[Round "3"]
[White "Minasian, Ara"]
[Black "Zvjaginsev, Vadim"]
[Result "0-1"]
[WhiteElo "2485"]
[BlackElo "2641"]
[Annotator "Hecht,H"]
[PlyCount "90"]
[EventDate "2000.01.19"]
[EventType "swiss"]
[EventRounds "10"]
[EventCountry "ESP"]
[SourceTitle "CBM 075"]
[Source "ChessBase"]
[SourceDate "2000.04.05"]
[SourceVersion "1"]
[SourceVersionDate "2000.04.05"]
[SourceQuality "1"]

1. e4 c5 2. Nf3 e6 3. d4 cxd4 4. Nxd4 Nc6 5. Nc3 d6 6. Be2 Nf6 7. O-O Be7 8.
Be3 O-O 9. Kh1 a6 10. a4 Bd7 11. f4 Rc8 12. Nb3 Na5 13. e5 Ne8 14. exd6 Nxd6
15. Nxa5 Qxa5 16. f5 Bc6 17. fxe6 fxe6 18. Bg4 Nf5 19. Qe2 Qe5 20. Bb6 Bd6 21.
Qxe5 Bxe5 22. a5 Rf6 23. Rae1 Bxc3 24. bxc3 Rcf8 25. Kg1 h6 26. Bxf5 exf5 27.
Re7 f4 28. Rf2 Rg6 29. Bc7 f3 30. g3 Rgf6 31. Be5 R6f7 32. Rxf7 Kxf7 {[#]
Schlechte weiße Bauernstruktur und riesiger schwarzer Freibauer auf f3.} 33.
Rd2 Re8 34. Bd4 Re1+ 35. Kf2 Ra1 36. Bb6 g5 37. h4 Rh1 38. hxg5 hxg5 39. Ke3
Ke6 40. Rf2 Kf5 41. Rd2 Kg4 42. Bc7 Kh3 43. c4 Rg1 44. Bd6 Rg2 45. Rf2 g4 (
45... g4 46. c5 (46. Bc7 Kh2 (46... Rxg3 47. Rf1 $1 $11 (47. Rh2+ $2 Kxh2 48.
Kf2 b6 $1 49. Bxg3+ Kh3 50. axb6 a5 $19)) 47. Bb6 Kxg3 $19) 46... Kh2 {[%cal
Rh2g1]} (46... Rxg3 $2 47. Rh2+ Kxh2 48. Kf2 Kh3 49. Bxg3 $11) 47. Rf1 Re2+ 48.
Kd3 Kg2 49. Rc1 Re8 $19 {[%cal Rf3f2,Rf2f1]}) 0-1

[Event "EU-Cup 18th"]
[Site "Kallithea"]
[Date "2002.09.28"]
[Round "7.3"]
[White "Couso, Luis"]
[Black "Vinter Schou, Uffe"]
[Result "0-1"]
[WhiteElo "2345"]
[BlackElo "2342"]
[Annotator "Hecht,H"]
[PlyCount "98"]
[EventDate "2002.09.22"]
[EventType "team-swiss"]
[EventRounds "7"]
[EventCountry "GRE"]
[SourceTitle "CBM 092"]
[Source "ChessBase"]
[SourceDate "2003.02.06"]
[SourceVersion "1"]
[SourceVersionDate "2003.02.06"]
[SourceQuality "1"]
[WhiteTeam "Sollentuna"]
[BlackTeam "Aarhus"]
[WhiteTeamCountry "SWE"]
[BlackTeamCountry "DEN"]

1. e4 c5 2. Nf3 e6 3. d4 cxd4 4. Nxd4 Nc6 5. Nc3 Qc7 6. Be2 a6 7. O-O Nf6 8.
Kh1 Be7 9. f4 d6 10. Be3 O-O 11. a4 Re8 12. Nf3 b6 13. Qe1 Bb7 14. Bd3 Nb4 15.
Bd4 d5 16. e5 Ne4 17. Qe3 Nc5 18. Rac1 g6 19. Ng5 Nc6 20. Ne2 Nxd4 21. Nxd4
Bxg5 22. fxg5 Nxa4 23. h4 Nxb2 24. Nf3 d4 25. Nxd4 Red8 26. Rf4 Rd5 27. Rcf1
Rd7 28. h5 Nxd3 29. cxd3 Rc8 30. Rh4 Qc5 31. hxg6 hxg6 32. Qf4 Qf8 33. Nf3 Rc2
34. d4 Qg7 35. Kh2 Rdc7 36. Kg3 R7c3 37. Rfh1 a5 38. Rh8+ Qxh8 39. Rxh8+ Kxh8
40. Qxf7 Bd5 {[#] Weiß könnte sich mit Dauerschach bescheiden....} 41. Qf8+ Kh7
42. Qh6+ Kg8 43. Qxg6+ Kf8 44. Qf6+ ({Möglich waren} 44. Qh7 Rxg2+ 45. Kxg2
Rxf3 46. Kh2 Rf1 47. Qa7 $16 {....}) 44... Kg8 45. g6 $4 {[%mdl 12288] Genau
das aber verliert sogar!} ({....als auch} 45. Qd8+ Kf7 46. Qxb6 $16) 45...
Rxg2+ $1 46. Kxg2 Rxf3 {[%csl Rf6]} 47. Qxf3 a4 48. Qxd5 exd5 49. e6 Kf8 0-1